| 000 | 00000cam 2200000zi 4500 |
| 001 | 9.961516 |
| 003 | CaOODSP |
| 005 | 20260526132614 |
| 006 | m o d f |
| 007 | cr bn||||||||| |
| 008 | 260331e200606##onc obf f000 0 eng d |
| 040 | |aCaOODSP|beng|erda|cCaOODSP |
| 043 | |an-cn--- |
| 086 | 1 |aT52-4/285-2006E-PDF |
| 245 | 00|aCivil aviation : |bmaintenance schedule approval : policy and procedures manual. |
| 250 | |aRevision 3. |
| 264 | 1|a[Ottawa] : |bTransport Canada = Transports Canada, |cJune 2006. |
| 264 | 4|c©1998 |
| 300 | |a1 online resource (iv, 24 pages) |
| 336 | |atext|btxt|2rdacontent |
| 337 | |acomputer|bc|2rdamedia |
| 338 | |aonline resource|bcr|2rdacarrier |
| 500 | |aIssued also in French under title: Aviation civile : approbation des calendriers de maintenance : manuel de politiques et procédures. |
| 500 | |a"TP 13094E (revised 06/2006)." |
| 500 | |a"TC-1001769." |
| 504 | |aIncludes bibliographical references. |
| 520 | |a"This document provides guidance to headquarters, regional and industry personnel in the development and approval of aircraft maintenance schedules, including some, but not all of the means by which such schedules can be amended"--Purpose, page 1. |
| 650 | 0|aAircraft|zCanada|xMaintenance and repair|xPlanning|vHandbooks, manuals, etc. |
| 650 | 0|aScheduling|zCanada|vHandbooks, manuals, etc. |
| 655 | 7|aHandbooks and manuals|2lcgft |
| 710 | 1 |aCanada. |bTransport Canada, |eissuing body. |
| 775 | 08|tAviation civile : |w(CaOODSP)9.963059 |
| 856 | 40|qPDF|s2.10 MB|uhttps://publications.gc.ca/collections/collection_2026/tc/T52-4-285-2006-eng.pdf |
| 856 | 4 |qHTML|sN/A|uhttps://tc.canada.ca/en/aviation/publications/civil-aviation-maintenance-schedule-approval-policy-procedures-manual-tp-13094 |
| 986 | |aTP 13094E |
| 986 | |aTC-1001769 |